Contemporary issues in American education : (Record no. 34561)

MARC details
000 -LEADER
fixed length control field 01413cam a22003011a 4500
001 - CONTROL NUMBER
control field hew65000121
003 - CONTROL NUMBER IDENTIFIER
control field DLC
005 - DATE AND TIME OF LATEST TRANSACTION
control field 20260227111514.0
008 - FIXED-LENGTH DATA ELEMENTS--GENERAL INFORMATION
fixed length control field 720208s1965 dcua b f100 0 eng
010 ## - LIBRARY OF CONGRESS CONTROL NUMBER
LC control number hew65000121
035 ## - SYSTEM CONTROL NUMBER
System control number (OCoLC)236679
040 ## - CATALOGING SOURCE
Original cataloging agency DLC
Transcribing agency ODaWU
Modifying agency PPiU
-- ISS
-- DLC
043 ## - GEOGRAPHIC AREA CODE
Geographic area code n-us---
050 00 - LIBRARY OF CONGRESS CALL NUMBER
Classification number L111
Item number .A6 1966, no. 3
051 ## - LIBRARY OF CONGRESS COPY, ISSUE, OFFPRINT STATEMENT
Classification number LA209.2
Item number .W46 1965aa
086 0# - GOVERNMENT DOCUMENT CLASSIFICATION NUMBER
Classification number FS 5.210:10034
111 2# - MAIN ENTRY--MEETING NAME
Meeting name or jurisdiction name as entry element White House Conference on Education
Date of meeting or treaty signing (1965 :
Location of meeting Washington, D.C.)
245 10 - TITLE STATEMENT
Title Contemporary issues in American education :
Remainder of title consultants' papers prepared for use at The White House Conference on Education, July 20-21, 1965, Washington, D.C.
260 ## - PUBLICATION, DISTRIBUTION, ETC.
Place of publication, distribution, etc. Washington, D.C.
Name of publisher, distributor, etc. U.S. Dept. of Health, Education, and Welfare, Office of Education ; for sale by the Superintendent of Documents, U.S. Govt. Print. Off.,
Date of publication, distribution, etc. 1965.
300 ## - PHYSICAL DESCRIPTION
Extent 158 p. :
Other physical details ill. ;
Dimensions 23 cm.
490 1# - SERIES STATEMENT
Series statement Bulletin ;
Volume/sequential designation 1966, no. 3
500 ## - GENERAL NOTE
General note "OE-10034."
501 ## - WITH NOTE
With note L111.A6 with: Educational developments in the Congo (Leopoldville) / Betty George. Washington : U. S. Dept. of Health, Education, and Welfare, Office of Education, 1966. Bound together subsequent to publication.
Institution to which field applies DLC
504 ## - BIBLIOGRAPHY, ETC. NOTE
Bibliography, etc. note Includes bibliographies.
650 #0 - SUBJECT ADDED ENTRY--TOPICAL TERM
Topical term or geographic name entry element Education
Geographic subdivision United States
General subdivision Congresses.
710 1# - ADDED ENTRY--CORPORATE NAME
Corporate name or jurisdiction name as entry element United States.
Subordinate unit Office of Education.
830 #0 - SERIES ADDED ENTRY--UNIFORM TITLE
Uniform title Bulletin (United States. Office of Education) ;
Volume/sequential designation 1966, no. 3.

No items available.

Powered by Koha